000
00297nam a22001337a 4500
008
181023b xxu||||| |||| 00| 0 eng d
020
_a
x000vzrxx7
041
_a
eng
080
_2
10th
_a
338
100
_a
53
101
_a
MEN
245
_a
New Products Managament
_c
Crawford,M
942
_2
udc
_c
BK
999
_c
50658
_d
50658